00751nam a2200205 a 45000010005000000030009000050080041000140400028000550820017000831000033001002450144001332600049002773000015003264900039003416500034003806500023004146500040004376500037004776500031005144306CO-ViMGA141112s2004 ck r 000 u spa d aCO-ViMGAbspacCO-ViMGA04a986.102 C1111 aCabarcas Antequera, Hernando10aBestiario del nuevo reino de granada : bla imaginación animalística medieval y la descripción literaria de la naturaleza Américana aSantafé de Bogotá : bColcultura, c1994 a196 p : il aBiblioteca daniel samper ortega, 114aANIMALES - CUENTOS Y LEYENDAS14aANIMALES FABULOSOS14aCOLOMBIA - HISTORIA - NUEVA GRANADA14aLITERATURA FANTASTICA COLOMBIANA14aMONSTRUOS EN LA LITERATURA